[Event "Wch U12 rapid"]
[Site "Batumi"]
[Date "2023.06.07"]
[Round "6"]
[White "Meirkhanuly, Akylzhan"]
[Black "Yeganegi, Barad"]
[Result "0-1"]
[WhiteElo "1500"]
[BlackElo "1931"]
[PlyCount "122"]
[EventDate "2023.06.06"]
[EventType "swiss (rapid)"]
[EventRounds "11"]
[EventCountry "GEO"]
[SourceTitle "EXT 2024"]
[Source "ChessBase"]
[SourceDate "2023.10.10"]
[SourceVersion "1"]
[SourceVersionDate "2023.10.10"]
[SourceQuality "1"]
[WhiteTeam "Kazakhstan"]
[BlackTeam "Iran"]
[WhiteTeamCountry "KAZ"]
[BlackTeamCountry "IRI"]

1. c4 c5 2. e3 Nf6 3. d4 cxd4 4. exd4 g6 5. Nf3 d5 6. cxd5 Bg7 7. Nc3 0-0 8. Be2 Nxd5 9. 0-0 Nc6 10. Nxd5 Qxd5 11. Be3 Bf5 12. Qd2 Rad8 13. Rfd1 Be4 14. Bh6 Bxf3 15. Bxf3 Qxd4 16. Qxd4 Nxd4 17. Bxg7 Nxf3+ 18. gxf3 Kxg7 19. Rac1 Rxd1+ 20. Rxd1 Kf6 21. Rd7 Rb8 22. Kg2 Ke6 23. Rc7 Kd6 24. Rc3 b6 25. Rd3+ Ke6 26. Rc3 Rb7 27. Kg3 Kf6 28. Kf4 Rd7 29. Ke3 e6 30. b4 e5 31. b5 Rd5 32. Rc7 Rxb5 33. Rxa7 Ra5 34. Rb7 b5 35. Ke4 Ra4+ 36. Ke3 b4 37. Rb6+ Kf5 38. Rb7 f6 39. Rxh7 Ra3+ 40. Ke2 Rxa2+ 41. Ke3 Ra3+ 42. Ke2 Kf4 43. Rh4+ Kg5 44. Rxb4 Ra1 45. Ke3 Rh1 46. Rg4+ Kf5 47. Rh4 Re1+ 48. Kd2 Ra1 49. Ke3 Ra3+ 50. Ke2 Ra8 51. Rh7 g5 52. Rh6 Ra4 53. Ke3 Rb4 54. Ke2 Rh4 55. Rxh4 gxh4 56. Ke3 h3 57. Kd3 Kf4 58. Ke2 f5 59. Ke1 Kxf3 60. Kf1 e4 61. Ke1 Kg2 0-1

[Event "Aktobe U14 op"]
[Site "Aqtobe"]
[Date "2022.06.17"]
[Round "5"]
[White "Izbassar, Zhanali"]
[Black "Meirkhanuly, Akylzhan"]
[Result "0-1"]
[WhiteElo "1593"]
[BlackElo "1412"]
[PlyCount "88"]
[EventDate "2022.06.14"]
[EventType "swiss"]
[EventRounds "9"]
[EventCountry "KAZ"]
[SourceTitle "EXT 2023"]
[Source "ChessBase"]
[SourceDate "2022.10.05"]
[SourceVersion "1"]
[SourceVersionDate "2022.10.05"]
[SourceQuality "1"]

1. Nf3 Nf6 2. g3 g6 3. Bg2 Bg7 4. 0-0 0-0 5. d4 c6 6. c4 d5 7. cxd5 cxd5 8. Nc3 Nc6 9. Ne5 Bf5 10. Bf4 Ne4 11. Nxc6 bxc6 12. Nxe4 Bxe4 13. Bxe4 dxe4 14. e3 e6 15. Qb3 c5 16. Be5 cxd4 17. exd4 Bxe5 18. dxe5 Rb8 19. Qc4 Qd5 20. Qxd5 exd5 21. Rfd1 Rxb2 22. Rxd5 Rc8 23. e6 fxe6 24. Re5 Rcc2 25. Rf1 Re2 26. Rxe6 Rxa2 27. Re7 e3 28. Rxe3 Rxe3 29. fxe3 Kg7 30. e4 a5 31. e5 Re2 32. Rf6 Rxe5 33. Ra6 Re1+ 34. Kf2 Ra1 35. Kf3 a4 36. Kg4 Ra2 37. h4 Ra3 38. Kf4 h5 39. Rb6 Kh6 40. Ra6 Ra1 41. Ra8 a3 42. Rh8+ Kg7 43. Ra8 a2 44. Kg5 Rf1 0-1

[Event "Aktobe U14 op"]
[Site "Aqtobe"]
[Date "2022.06.16"]
[Round "4"]
[White "Abdullayev, Ayat"]
[Black "Meirkhanuly, Akylzhan"]
[Result "1/2-1/2"]
[WhiteElo "1572"]
[BlackElo "1412"]
[PlyCount "44"]
[EventDate "2022.06.14"]
[EventType "swiss"]
[EventRounds "9"]
[EventCountry "KAZ"]
[SourceTitle "EXT 2023"]
[Source "ChessBase"]
[SourceDate "2022.10.05"]
[SourceVersion "1"]
[SourceVersionDate "2022.10.05"]
[SourceQuality "1"]

1. e4 e5 2. Nf3 Nc6 3. Nc3 Nf6 4. d4 exd4 5. Nxd4 Bb4 6. Nxc6 bxc6 7. Bd3 0-0 8. 0-0 d6 9. Bg5 h6 10. Bh4 Re8 11. Re1 Rb8 12. Rb1 Bd7 13. h3 Bc5 14. Qf3 Bd4 15. Nd1 d5 16. c3 Be5 17. Re2 Qc8 18. Bxf6 Bxf6 19. exd5 cxd5 20. Qxd5 Rxe2 21. Bxe2 Qe8 22. Ne3 Bxc3 1/2-1/2